राजभाषा दिग्दर्शन / (Record no. 199613)

MARC details
000 -LEADER
fixed length control field 01862nam a22002177a 4500
005 - DATE AND TIME OF LATEST TRANSACTION
control field 20250910152038.0
010 ## - LCCN (DPL NO)
LC control number B-777853-857 B-756928-932 Hin-18.10.23
020 ## - INTERNATIONAL STANDARD BOOK NUMBER
International Standard Book Number 9788195574803
Terms of availability 740.00
035 ## - SYSTEM CONTROL NUMBER
System control number B-756928-932
035 ## - SYSTEM CONTROL NUMBER
System control number B-777853-857
037 ## - SOURCE OF ACQUISITION
Source of stock number/acquisition संस्कृति, शिक्षा और राजभाषा संस्थान
082 ## - DEWEY DECIMAL CLASSIFICATION NUMBER
Classification number 420
100 ## - MAIN ENTRY--PERSONAL NAME
Personal name गौड़, वैद प्रकाश
245 10 - TITLE STATEMENT
Title राजभाषा दिग्दर्शन /
Statement of responsibility, etc वैद प्रकाश गौड़
260 ## - PUBLICATION, DISTRIBUTION, ETC. (IMPRINT)
Place of publication, distribution, etc दिल्ली
Name of publisher, distributor, etc संस्कृति, शिक्षा और राजभाषा संस्थान .
Date of publication, distribution, etc 2022
270 ## - ADDRESS
Address 610 नेहरु एन्क्लेव , स्कुल ब्लाक, शकरपुर -
City दिल्ली
Postal code 110092
300 ## - PHYSICAL DESCRIPTION
Extent 200पृ. .
Dimensions 23सेमी (सजिल्द )
942 ## - ADDED ENTRY ELEMENTS (KOHA)
Source of classification or shelving scheme Dewey Decimal Classification
Item type Hindi Books
Call number suffix गौड़वे
Classification part 420
Holdings
Withdrawn status Lost status Not for loan Collection code Home library Current library Date acquired Source of acquisition Cost, normal purchase price Full call number Barcode Copy number Cost, replacement price Koha item type Public note
      Non-fiction Ashok Vihar Ashok Vihar 14/12/2023 संस्कृति, शिक्षा और राजभाषा संस्थान /SP/011/11.12.23/22/20.11.23/11.12.23 740.00 गौड़वे 525 B-756929 1 740.00 Hindi Books  
      Non-fiction Ashok Vihar Ashok Vihar 10/09/2025 संस्कृति, शिक्षा और राजभाषा संस्थान/SP/136/10.6.2025/01/28.4.2025/27.6.2025 740.00 गौड़वे 420 B-777854 1 740.00 Hindi Books  
      Non-fiction Central Library Central Library 14/12/2023 संस्कृति, शिक्षा और राजभाषा संस्थान /SP/011/11.12.23/22/20.11.23/11.12.23 740.00 गौड़वे 525 B-756928 1 740.00 Hindi Books Issued to staff (Page No. 103)
      Non-fiction Central Library Central Library 10/09/2025 संस्कृति, शिक्षा और राजभाषा संस्थान/SP/136/10.6.2025/01/28.4.2025/27.6.2025 740.00 गौड़वे 420 B-777853 1 740.00 Hindi Books  
      Non-fiction Patel Nagar Patel Nagar 14/12/2023 संस्कृति, शिक्षा और राजभाषा संस्थान /SP/011/11.12.23/22/20.11.23/11.12.23 740.00 गौड़वे 525 B-756930 1 740.00 Hindi Books  
      Non-fiction Patel Nagar Patel Nagar 10/09/2025 संस्कृति, शिक्षा और राजभाषा संस्थान/SP/136/10.6.2025/01/28.4.2025/27.6.2025 740.00 गौड़वे 420 B-777855 1 740.00 Hindi Books  
      Non-fiction Sarojini Nagar Sarojini Nagar 14/12/2023 संस्कृति, शिक्षा और राजभाषा संस्थान /SP/011/11.12.23/22/20.11.23/11.12.23 740.00 गौड़वे 525 B-756931 1 740.00 Hindi Books  
      Non-fiction Sarojini Nagar Sarojini Nagar 10/09/2025 संस्कृति, शिक्षा और राजभाषा संस्थान/SP/136/10.6.2025/01/28.4.2025/27.6.2025 740.00 गौड़वे 420 B-777856 1 740.00 Hindi Books  
      Non-fiction Shahdara Branch Shahdara Branch 14/12/2023 संस्कृति, शिक्षा और राजभाषा संस्थान /SP/011/11.12.23/22/20.11.23/11.12.23 740.00 गौड़वे 525 B-756932 1 740.00 Hindi Books  
      Non-fiction Shahdara Branch Shahdara Branch 10/09/2025 संस्कृति, शिक्षा और राजभाषा संस्थान/SP/136/10.6.2025/01/28.4.2025/27.6.2025 740.00 गौड़वे 420 B-777857 1 740.00 Hindi Books  

© Delhi Public Library
Hit Counter
free hit counter